00771nam a2200205 a 450000100060000000300090000600800410001502000150005604000280007108200190009910000500011824500340016826000430020230000110024550502030025665000240045965000170048365000360050065000290053617941CO-ViMGA141112s2004 ck r 000 u spa d a9589674917 aCO-ViMGAbspacCO-ViMGA04a597.0986 C177c1 aCastaño Uribe, Carlos; Torres Rivera, Diego10aColombia . Universo Submarino aBogotá, cBanco de Occidente, c2000 a205.p. aEl orígen del planeta azul Gaografia oceánica El regimen oceánico Ecosistemas y ciclos oceánicos La vida marina Oceanos y mares de Colombia Los mensajes del mar Nuestro patrimonio marítimo14aECOSISTEMAS MARINOS14aFAUNA MARINA14aPECES - DISTRIBUCION GEOGRAFICA14aPECES MARINOS - COLOMBIA